01404cam a22003495a 4500999001500000005001700015006001900032008004100051020001500092020002400107040003800131082001700169100002700186245008400213246001300297250001200310260005600322300006500378500007800443500005100521650002100572651001000593653002600603700003800629700001900667336002600686337002800712338002700740942001200767952014300779952013200922 c1316d131620240818092725.0m||||fq||z| 00| 0 180918s2002 njua frb 001 0 eng d a0130415502 a0130934828 (CD-ROM) aEG-ScBUEbengcEG-ScBUEdEG-ScBUE04a515bSTR2221 aStrauss, Monty J. 10aSingle variable calculus /cMonty J. Strauss, Gerald L. Bradley, Karl J. Smith.30aCalculus a3rd ed. aUpper Saddle River, N.J. :bPrentice Hall,cc.2002. axxviii, 692, 80 p. :bill. ;c28 cm. +e1 CD-ROM (4 3/4 in.) aRev. ed. of: Single variable calculus / Gerald L. Bradley. 2nd ed. c1999. aIncludes bibliographical references and index. 7aCalculus.2BUEsh 2BUEsh bENGGENcSeptember20181 aBradley, Gerald L.,d1940-9346731 aSmith, Karl J. 2rdacontentatextbtxt aunmediated2rdamediabn avolumebnc2rdacarrier hRDA-MOD 00102ddc40708BaccahaMAINbMAINc1STd2006-09-03ePurchaseg229.50l1o515 STRp000003153r2025-07-15 00:00:00s2016-10-20v286.88yBB 00102ddc40708BaccahaMAINbMAINc1STd2018-09-18ePurchasel0o515 STRp000043539r2022-08-24 00:00:00w2018-09-18yCDVDWBB